Finish the Famous Snape Quote Quiz Stats

 Plays Quiz Updated May 20, 2018

Challenge
Share
Tweet
Embed
Score 0/21 Timer 05:00
6 Plays Today
% Correct
Time
95.3%
Happens
95.1%
Something
94.8%
Arrogant
94.5%
Know-it-all
94.1%
Celebrity
93.9%
Job
93.7%
Rules
93.3%
You
92.6%
Train
92.6%
Epitaph
92.5%
% Correct
Eternal
90.5%
Leisure
90.4%
Save
89.8%
Seriously
89.3%
It
88.6%
Me
87.7%
Him
87.5%
Death
86.4%
Coward
85.6%
Power
82.4%

You're not logged in!

Compare scores with friends on all Sporcle quizzes.
OR
Log In

You Might Also Like...

Show Comments

Extras

Top Quizzes Today


Score Distribution

Your Account Isn't Verified!

In order to create a playlist on Sporcle, you need to verify the email address you used during registration. Go to your Sporcle Settings to finish the process.

Report this User

Report this user for behavior that violates our Community Guidelines.

Details: